music trivia: 1984 albums and artists - Statistics

General Stats
  • This quiz has been taken 120 times
    89 since last reset
  • The average score is 6 of 15
Answer Stats
Hint-album titles Answer-artist or group who made that album % Correct
Purple Rain Prince
96%
Born in the U.S.A. Bruce Springsteen and the E. Street Band
95%
Like a Virgin Madonna
95%
The Unforgettable Fire U2
62%
Welcome to the Pleasuredome Frankie Goes to Hollywood
54%
Give My Regards to Broad Street Paul McCartney
39%
Diamond Life Sade
33%
Valotte Julian Lennon
32%
Love at First Sting Scorpions
32%
How Will the Wolf Survive? Los Lobos
21%
Reckoning R.E.M.
18%
Couldn't Stand the Weather Stevie Ray Vaughan
15%
Learning to Crawl The Pretenders
15%
All Over the Place The Bangles
5%
Glorious Results of a Misspent Youth Joan Jett
4%
No matching quizzes found
Score Distribution
Percent of People with Each Score
Percentile by Number Answered
Your Score History
You have not taken this quiz since the last reset